Top 25 popularité personnages Demon Slayer - Statistiques

Statistiques générales
  • Ce quiz a été pris 6 392 fois
  • Le résultat moyen est 17 sur 26
Statistiques - réponses
Place Votes Personnages % Correct
4 9 045 Tanjiro Kamado
99%
1 17 451 Zenitsu Agatsuma
93%
6 8 750 Inosuke Hashibira
91%
23 735 Muzan Kibutsuji
90%
11 5 046 Nezuko Kamado
90%
7 8 000 Kyōjurō Rengoku
87%
2 13 281 Giyu Tomioka
82%
17 1 982 Akaza
81%
13 3 436 Uzui Tengen
81%
12 3 714 Mitsuri Kanroji
79%
5 8 787 Shinobu Kochō
78%
9 5 716 Sanemi Shinazugawa
73%
3 11 948 Muichiro Tokito
72%
8 6 204 Obanai Iguro
72%
22 843 Gyomei Himejima
67%
18 1 589 Doma
66%
10 5 305 Kanao Tsuyuri
59%
14 2 938 Kokushibo
54%
15 2 589 Genya Shinazugawa
50%
25 342 Kanae Kochô
45%
24 353 Tamayo
40%
16 2 435 Enmu
30%
19 1 359 Sabito
27%
20 953 Yoriichi Tsugikuni
26%
25 342 Murata
19%
21 865 Kaigaku
12%
Aucun quiz correspondant
Distribution des résultats
% des personnes avec chaque résultat
Percentile par nombre de réponses
Votre historique - résultats
Vous n’avez pas pris ce quiz